[Event "Corr"]
[Site "?"]
[Date "1999.??.??"]
[Round "?"]
[White "Scholbach Tillmann"]
[Black "Nebe Lutz"]
[Result "1/2-1/2"]
[WhiteElo "2064"]
[BlackElo "1900"]
[PlyCount "118"]
[EventDate "1999.??.??"]
[Source "www.chesslib.no"]
[SourceDate "2004.05.04"]

1. c4 c5 2. Nc3 Nc6 3. g3 g6 4. Bg2 Bg7 5. Nf3 e5 6. O-O Nge7 7. d3 O-O 8. Bd2 d6 9. a3 a5 10. Rb1 Rb8 11. Nb5 d5 12. cxd5 Nxd5 13. Qb3 Be6 14. Ng5 Nf4 15. Nxe6 Nxe6 16. Rfc1 Ncd4 17. Nxd4 exd4 18. Qb5 b6 19. b4 axb4 20. axb4 Qd6 21. bxc5 bxc5 22. Qc6 Qe5 23. Bf3 Rfc8 24. Qd5 Qxd5 25. Bxd5 Kf8 26. Bxe6 fxe6 27. Rxb8 Rxb8 28. Kf1 Rb2 29. Ba5 Ke7 30. Rxc5 Rb7 31. Rc7+ Rxc7 32. Bxc7 Kd7 33. Bf4 Kc6 34. e3 dxe3 35. Bxe3 e5 36. Ke2 Kd5 37. f3 Bf6 38. h4 Bg7 39. Kd2 Bf6 40. Bg5 Bg7 41. Ke3 Bh8 42. g4 Bg7 43. Be7 h6 44. g5 hxg5 45. hxg5 Ke6 46. Bb4 Kf5 47. Bd6 Ke6 48. Bc5 Kf5 49. Bb4 Bh8 50. Be7 Bg7 51. Kf2 Ke6 52. Ba3 Kf5 53. Ke3 Bh8 54. Bc1 Bg7 55. Kf2 Bh8 56. Kg3 Bg7 57. f4 e4 58. dxe4+ Kxe4 59. Ba3 Kf5 1/2-1/2

[Event "Triesen LIE"]
[Site "?"]
[Date "2006.05.19"]
[Round "1"]
[White "Gestrich Wolfgang"]
[Black "Siegmund Rainer"]
[Result "1/2-1/2"]
[WhiteElo "1721"]
[BlackElo "2150"]
[PlyCount "47"]
[EventDate "2006.??.??"]
[Source "www.chesslib.no"]
[SourceDate "2004.05.04"]

1. c4 c5 2. Nc3 Nc6 3. g3 g6 4. Bg2 Bg7 5. Nf3 e5 6. e4 Nge7 7. g4 d6 8. h3 Be6 9. d3 f6 10. O-O Qd7 11. Nh2 g5 12. a3 Ng6 13. Ne2 Nf4 14. Nxf4 gxf4 15. f3 O-O-O 16. Rf2 h5 17. b3 Bh6 18. Bb2 Bg5 19. Bc3 Kb8 20. b4 Rc8 21. b5 Nd4 22. Bxd4 cxd4 23. a4 Rh7 24. Rb2 1/2-1/2

[Event "Canberra CC"]
[Site "?"]
[Date "2004.08.25"]
[Round "6.1"]
[White "Bartlett Stephen"]
[Black "Jovanovic Peter"]
[Result "1/2-1/2"]
[WhiteElo "1766"]
[BlackElo "2073"]
[PlyCount "81"]
[EventDate "2004.??.??"]
[Source "www.chesslib.no"]
[SourceDate "2004.05.04"]

1. c4 c5 2. Nc3 Nc6 3. g3 g6 4. Bg2 Bg7 5. Nf3 e5 6. O-O Nge7 7. d3 O-O 8. e3 f5 9. Ne1 g5 10. f4 gxf4 11. gxf4 d6 12. Nd5 Nxd5 13. Bxd5+ Kh8 14. Ng2 Ne7 15. Bf3 Ng6 16. e4 exf4 17. exf5 Rxf5 18. Be4 Rg5 19. Kh1 Bg4 20. Qe1 Bf5 21. Nxf4 Bxe4+ 22. Qxe4 Nxf4 23. Bxf4 Rh5 24. Bg3 Qd7 25. Rae1 Be5 26. Bxe5+ Rxe5 27. Qf3 Rxe1 28. Rxe1 Qg7 29. b3 Rg8 30. Rf1 b6 31. Qf6 h6 32. Qxg7+ Kxg7 33. Rg1+ Kf7 34. Rxg8 Kxg8 35. Kg2 Kf7 36. Kf3 Kf6 37. Kf4 Kg6 38. Kg4 h5+ 39. Kf4 Kf6 40. h4 Kg6 41. Ke4 1/2-1/2

[Event "Muensterland A"]
[Site "?"]
[Date "2003.10.04"]
[Round "2.4"]
[White "Luecke Thomas"]
[Black "Heine Rolf"]
[Result "1/2-1/2"]
[WhiteElo "1809"]
[BlackElo "2023"]
[PlyCount "52"]
[EventDate "2003.??.??"]
[Source "www.chesslib.no"]
[SourceDate "2004.05.04"]

1. c4 c5 2. Nc3 Nc6 3. g3 g6 4. Bg2 Bg7 5. Nf3 e5 6. d3 Nge7 7. O-O O-O 8. Bg5 f6 9. Bd2 d6 10. Qc1 Be6 11. Ne1 Rb8 12. Nc2 d5 13. cxd5 Nxd5 14. Ne3 Nde7 15. Ne4 b6 16. Nc2 Nd5 17. Bh6 Qd7 18. Bxg7 Kxg7 19. Re1 Nd4 20. Nxd4 exd4 21. Nd2 Rfc8 22. Nf3 Nb4 23. a3 Nc6 24. Nd2 Bd5 25. Bxd5 Qxd5 26. Qc4 Qxc4 1/2-1/2

[Event "Augustow"]
[Site "?"]
[Date "1996.??.??"]
[Round "?"]
[White "Wojtaszek Radoslaw"]
[Black "Lancucki Maciej"]
[Result "0-1"]
[WhiteElo "2000"]
[BlackElo "1800"]
[PlyCount "128"]
[EventDate "1996.??.??"]
[Source "www.chesslib.no"]
[SourceDate "2004.05.04"]

1. c4 c5 2. Nc3 Nc6 3. g3 g6 4. Bg2 Bg7 5. Nf3 e5 6. O-O Nge7 7. d3 O-O 8. Nd5 Nxd5 9. cxd5 Ne7 10. e4 d6 11. Bd2 h6 12. b4 b6 13. a4 Bd7 14. bxc5 bxc5 15. Bc3 Bg4 16. Qc2 Bxf3 17. Bxf3 f5 18. Bg2 g5 19. f4 exf4 20. Bxg7 Kxg7 21. gxf4 Ng6 22. fxg5 Qxg5 23. Rab1 f4 24. Rb7+ Kg8 25. Kh1 Kh8 26. Rg1 Qf6 27. Bh3 f3 28. Qf2 Rfb8 29. Rxb8+ Rxb8 30. Bf5 Nh4 31. Qg3 Nxf5 32. exf5 Rf8 33. Qxf3 Qxf5 34. Qxf5 Rxf5 35. Rg6 Rxd5 36. Rxh6+ Kg7 37. Re6 Kf7 38. Re3 Rd4 39. a5 Ra4 40. Kg2 Rxa5 41. Kf3 Ra4 42. Re2 a5 43. Ke3 Rh4 44. Ra2 a4 45. Ra3 Ke7 46. Kf3 Kd7 47. Kg3 Rd4 48. Rc3 Kc6 49. h4 Rb4 50. h5 Rb3 51. h6 Rb1 52. Ra3 Kb5 53. Kg2 Ka5 54. Ra2 Rb8 55. Kf3 Rh8 56. Rh2 a3 57. Ke4 Ka4 58. Kf5 Kb3 59. Kg6 a2 60. Rh1 Ra8 61. h7 d5 62. Kg7 c4 63. dxc4 dxc4 64. Kf6 c3 0-1

[Event "Germany"]
[Site "?"]
[Date "2005.04.23"]
[Round "9.3"]
[White "Luecke Thomas"]
[Black "Heine Rolf"]
[Result "1/2-1/2"]
[WhiteElo "1843"]
[BlackElo "1825"]
[PlyCount "50"]
[EventDate "2005.??.??"]
[Source "www.chesslib.no"]
[SourceDate "2004.05.04"]

1. c4 c5 2. Nc3 Nc6 3. g3 g6 4. Bg2 Bg7 5. Nf3 e5 6. d3 Nge7 7. O-O O-O 8. Bd2 d6 9. Rb1 Rb8 10. a3 a5 11. Ne1 Be6 12. Nc2 d5 13. cxd5 Nxd5 14. Nxd5 Bxd5 15. Bxd5 Qxd5 16. Ne3 Qd7 17. Nc4 b6 18. b4 axb4 19. axb4 b5 20. Ne3 cxb4 21. Nc2 Rfc8 22. Nxb4 Nd4 23. Be3 Bf8 24. Bxd4 Qxd4 25. Qb3 Bxb4 1/2-1/2

[Event "LM-ch"]
[Site "GER"]
[Date "1996.??.??"]
[Round "?"]
[White "Higgelke, Anne"]
[Black "Hunger, Heinz Juergen"]
[Result "1/2-1/2"]
[WhiteElo "1745"]
[BlackElo "1680"]
[PlyCount "148"]
[EventDate "1996.??.??"]
[Source "www.chesslib.no"]
[SourceDate "2004.05.04"]

1. c4 c5 2. Nc3 Nc6 3. g3 g6 4. Bg2 Bg7 5. Nf3 e5 6. O-O Nge7 7. Ne4 d6 8. d3 O-O 9. Bd2 Nd4 10. Nxd4 cxd4 11. Bb4 a5 12. Bxd6 f5 13. Bxe7 Qxe7 14. Nd2 Rb8 15. a3 b5 16. cxb5 Rxb5 17. Rb1 Be6 18. Qa4 Rfb8 19. Nc4 Bxc4 20. Qxc4+ Kf8 21. Rfc1 Rxb2 22. Rxb2 Rxb2 23. Qc8+ Qe8 24. Qc5+ Qe7 25. Qxa5 Rb8 26. Bd5 Rd8 27. a4 Qd6 28. Bb7 Bh6 29. Rc6 Qe7 30. Qb6 Rd7 31. Ba6 Bd2 32. Rc8+ Kg7 33. Ra8 Qd6 34. Qxd6 Rxd6 35. Bc4 e4 36. a5 Rd7 37. a6 Bb4 38. Rb8 Bc5 39. dxe4 fxe4 40. Rb7 Rxb7 41. axb7 Ba7 42. Kg2 Kf6 43. f3 exf3+ 44. exf3 g5 45. Kf1 Bb8 46. Kg2 Ke5 47. Bd3 h6 48. Be4 Bd6 49. Kh3 Ke6 50. Kg4 Kf6 51. f4 gxf4 52. gxf4 Bc7 53. h3 Bd6 54. f5 Be5 55. Kf3 Ke7 56. Ke2 Kd7 57. Kd3 Kc7 58. Kc4 Bf6 59. Kd5 d3 60. Bxd3 Kxb7 61. Ke6 Bc3 62. f6 Kc7 63. Ke7 Bb4+ 64. Kf7 Kd6 65. Kg6 Ke5 66. f7 Bf8 67. h4 h5 68. Kxh5 Kf6 69. Bc4 Kg7 70. Kg5 Bb4 71. h5 Bd2+ 72. Kf5 Bb4 73. Ke6 Bc5 74. Bd3 Bb4 1/2-1/2

[Event "Seifhennersdorf"]
[Site "?"]
[Date "2001.12.29"]
[Round "5.1"]
[White "Wagner Florian"]
[Black "Kleine Jannik"]
[Result "1-0"]
[WhiteElo "1576"]
[BlackElo "1446"]
[PlyCount "81"]
[EventDate "2001.??.??"]
[Source "www.chesslib.no"]
[SourceDate "2004.05.04"]

1. c4 c5 2. Nc3 Nc6 3. g3 g6 4. Bg2 Bg7 5. Nf3 e5 6. d3 Nge7 7. O-O O-O 8. Ne1 f5 9. e3 d6 10. a3 h6 11. f4 Be6 12. Rb1 Qd7 13. Qc2 a5 14. Na4 exf4 15. gxf4 g5 16. Nb6 Qd8 17. Nxa8 Qxa8 18. fxg5 hxg5 19. b3 Qe8 20. Qe2 g4 21. Nc2 Qh5 22. Bb2 Bh6 23. d4 cxd4 24. exd4 Bc8 25. h3 Ng6 26. hxg4 fxg4 27. Rxf8+ Kxf8 28. Rf1+ Nf4 29. Bc1 Kg8 30. Bxf4 Bg7 31. Bd5+ Kh7 32. Qh2 Qxh2+ 33. Kxh2 Ne7 34. Be4+ Kg8 35. Bxd6 Nc6 36. Bd5+ Kh7 37. Be4+ Kg8 38. Bg6 g3+ 39. Kxg3 Nxd4 40. Bf7+ Kh7 41. Rh1+ 1-0

[Event "AUT-chT3 9798"]
[Site "Vorarlberg "]
[Date "1997.10.31"]
[Round "3"]
[White "Alge, Karin"]
[Black "Heinzelmann, Herbert Eugen"]
[Result "1/2-1/2"]
[WhiteElo "1745"]
[BlackElo "1200"]
[PlyCount "91"]
[EventDate "1997.??.??"]
[Source "www.chesslib.no"]
[SourceDate "2004.05.04"]

1. c4 c5 2. Nc3 Nc6 3. g3 g6 4. Bg2 Bg7 5. Nf3 e5 6. d3 Nge7 7. O-O O-O 8. Bd2 h6 9. a3 a5 10. Rb1 d6 11. Nb5 f5 12. e3 Be6 13. Bc3 d5 14. Qe2 Bf7 15. Ne1 Na7 16. Nxa7 Rxa7 17. b4 cxb4 18. axb4 a4 19. Ra1 b6 20. Nc2 Qc8 21. Na3 dxc4 22. Nxc4 b5 23. Nd6 Qd7 24. Nxf7 Kxf7 25. Rfd1 Rc8 26. Qb2 Rac7 27. Be1 Rc2 28. Qb1 Qc7 29. Kf1 Kf8 30. Rd2 Rxd2 31. Bxd2 e4 32. Ra2 exd3 33. Qxd3 Qc4 34. Qxc4 Rxc4 35. Ke2 Nc6 36. Bxc6 Rxc6 37. h3 Rc4 38. f3 Bc3 39. Rc2 Bxd2 40. Rxc4 bxc4 41. Kxd2 Ke7 42. Kc3 a3 43. g4 fxg4 44. fxg4 Kd6 45. Kc2 Kd5 46. Kc3 1/2-1/2

[Event "FRA-ch76 Open C"]
[Site "Marselha"]
[Date "2001.??.??"]
[Round "5"]
[White "Giraud, Sylvain"]
[Black "Milon, Cyril"]
[Result "1-0"]
[WhiteElo "1630"]
[BlackElo "1299"]
[PlyCount "51"]
[EventDate "2001.08.14"]
[Source "www.chesslib.no"]
[SourceDate "2004.05.04"]

1. c4 c5 2. Nc3 Nc6 3. g3 g6 4. Bg2 Bg7 5. Nf3 e5 6. O-O Nge7 7. d3 d6 8. h3 f5 9. Bg5 h6 10. Bd2 O-O 11. Rb1 Rb8 12. e3 g5 13. a3 Ng6 14. Qc2 Nce7 15. Ne2 b6 16. Bc3 Bb7 17. b4 d5 18. d4 dxc4 19. Nxe5 Bxg2 20. Kxg2 Bxe5 21. dxe5 b5 22. Rbd1 Qc7 23. f4 Nd5 24. Rxd5 Qc6 25. e4 fxe4 26. Rd6 1-0

[Event "AUS Ch"]
[Site "?"]
[Date "2003.01.19"]
[Round "7.15"]
[White "Van Heerden Daniel"]
[Black "Selby Kenzo"]
[Result "1/2-1/2"]
[WhiteElo "1520"]
[BlackElo "1217"]
[PlyCount "94"]
[EventDate "2003.??.??"]
[Source "www.chesslib.no"]
[SourceDate "2004.05.04"]

1. c4 c5 2. Nc3 Nc6 3. g3 g6 4. Bg2 Bg7 5. Nf3 e5 6. O-O Nge7 7. d3 f5 8. e4 O-O 9. Be3 d6 10. Qd2 Kh8 11. Nd5 Ng8 12. Nh4 f4 13. Nxg6+ hxg6 14. gxf4 Kh7 15. Qe2 Bh6 16. fxe5 Nxe5 17. d4 Ng4 18. Bf3 Qh4 19. Bxg4 Bxg4 20. f3 Bxf3 21. Rxf3 Qg4+ 22. Kf2 Rxf3+ 23. Qxf3 Rf8 24. Bf4 Qxf3+ 25. Kxf3 Bxf4 26. Nxf4 g5 27. Kg4 Rxf4+ 28. Kxg5 Rxe4 29. dxc5 dxc5 30. Rf1 Kg7 31. b3 Re2 32. Rf5 Rxh2 33. Rxc5 Rg2+ 34. Kh4 Rh2+ 35. Kg5 Rg2+ 36. Kh4 Rxa2 37. Rc7+ Kf6 38. Rxb7 Ke5 39. b4 Ra4 40. c5 Kd5 41. Kg5 Kc6 42. Rg7 Ra1 43. Kf4 Rf1+ 44. Ke5 Re1+ 45. Kd4 Nf6 46. Rxa7 Rd1+ 47. Kc4 Rc1+ 1/2-1/2

[Event "Corr"]
[Site "?"]
[Date "2002.04.03"]
[Round "?"]
[White "Howard Geoff"]
[Black "Leglise Alain"]
[Result "0-1"]
[WhiteElo "1364"]
[BlackElo "1300"]
[PlyCount "21"]
[EventDate "2002.??.??"]
[Source "www.chesslib.no"]
[SourceDate "2004.05.04"]

1. c4 c5 2. Nc3 Nc6 3. g3 g6 4. Bg2 Bg7 5. Nf3 e5 6. O-O Nge7 7. a3 O-O 8. d3 d6 9. Rb1 a5 10. Nh4 Be6 11. f4 0-1